1622 1524 1878 1192 1256 1808 1735 1558 1211 1646 1820 1745 1007 1877 1627 1815 1482 1044 1456 1075 1484 1956 1612 1748 1857 1093 1052 1909 1898 1587 1071 1774 1741 1914 1053 1909 1872 1758 1377 1306 1899 1911 1238 1010 1606 1661 1999 1231 1251 1937 1134 1844 1709 1490 1105 1321 1196 1956 1050 1571 1563 1333 1665 1302 1709 1221 1083 1850 1666 1879 1135 1776 1431 1767 1697 1138 1569 1823 1035 1150 1362 1589 1436 1238 1778 1873 1317 1245 1379 1230 1350 1337 1840 1152 1284 1621 1674 1092 1648 BCNSPRNW ULIB Ver.6.0+V

เปลี่ยนเป็นภาษาไทย

Change to English
 แสดงรายละเอียดบรรณานุกรม
  กลับหน้าหลัก

Brief Record : Get Marc (ISO 2709) : E-mail record : QR code < ปิดหน้าต่าง
LEADER : 00000nam 2200000uu 4500
001    13399115300
003     ULIB
008    120810s2553||||th 000 0 tha d
020    ^a9789749363560
099    ^aนว.ฮ274บ 2553
100    ^aฮานเยวอน
245    ^aLove you my dear มาเฟียหน้าหวาน/^cฮานเยวอน
250    ^aพิมพ์ครั้งที่ 1
260    ^aกรุงเทพฯ,^blove berry book :^c2553
300    ^a260 หน้า
945    ^p198^l0^i14451
999    ^aกัณชพร
รายการนี้ยังไม่มีแท็ก
คุณยังไม่ได้ล็อกอิน คุณสามารถมีกิจกรรมร่วมกับเว็บไซต์ได้ แต่ต้องล็อกอินก่อน ::
  ล็อกอิน

รายการสื่อสารสนเทศ

ลำดับที่ ประเภท เลขเรียก/บาร์โค้ด สถานที่ สถานะ
1. นวนิยาย
นวนิยาย
นว.ฮ274บ 2553  
  Barcode: 14451
ห้องสมุดวิทยาเขตสวรรค์ประชารักษ์
►นวนิยาย
บนชั้น
  ขอยืม

BibComment


ยังไม่เคยถูกคอมเมนท์

คอมเมนท์ทรัพยากรรายการนี้
  คอมเมนท์: Love you my dear..


 Copyright 2026. Bcnsprnw @Library